| 000 | 00751nam a2200253Ia 4500 | ||
|---|---|---|---|
| 003 | OSt | ||
| 005 | 20220928102153.0 | ||
| 006 | a|||||r|||| 00| 0 | ||
| 007 | ta | ||
| 008 | 220927b |||||||| |||| 00| 0 hin d | ||
| 020 | _c195 | ||
| 024 | _a112884 | ||
| 037 |
_b2278, 25/10/2011, Kitabghar Parkashan _cTextual |
||
| 040 |
_aSDCL _cSDCL _bhin |
||
| 041 |
_2hin _ahin |
||
| 082 | _aO152,6N338x, Q1 | ||
| 100 |
_aJoshi Manohar Shyam _9396933 |
||
| 245 | 0 | _aNamaskar bharat mera mahan. | |
| 260 |
_aNew Delhi _bKitabghar Prakashan _c2011 |
||
| 300 |
_a144p. _ccm. |
||
| 650 |
_aHindi _9391598 |
||
| 942 |
_hO152,6N338x, Q1 _cTEXL _2CC |
||
| 999 |
_c712694 _d712694 |
||